00762nam a2200241Ia 4500001000600000003000900006008004100015040001300056040001300069041001300082100002000095100002900115245002500144245006400169250001100233260000900244260001200253260004900265300005700314500009400371650002400465650003100489H9059IT-RoPAU130308s9999 xx 000 0 und d aIT-RoPAU cIT-RoPAU aITALIANO aCodeluppi Vanni gCodice Aut. SPICS: 20816 aCorpo-Packaging (Il) bDiscorso della salute (Il). Verso una sociosemiotica Medica a1a ed. aROMA bMeltemi c2005 [1° Ed.:2005 - Ed.Ling.Originale:2005] a"7 p. (prefazione: no ; testo: 7 [pagine: 336-342])" aComunicare Attraverso Vetrina. Verso Corpo Packaging. Contraddizioni del Corpo Packaging. aSAGGI DI SEMIOLOGIA eCodice materia Spics: 3257